Mannschaften mit den meisten Toren pro Ausgabe der Europameisterschaft - Statistiken

Allgemein
  • Dieses Quiz wurde 68 mal gespielt
    25 seit der letzten Aktualisierung
  • Das Durchschnittsergebnis liegt bei 20 aus 22
Antwortstatistiken
Jahr Tore Mannschaft % Korrekt
1992 7 Deutschland
100%
1996 10 Deutschland
100%
1972 5 Westdeutschland
100%
1976 6 Westdeutschland
100%
1980 6 Westdeutschland
100%
1984 14 Frankreich
96%
2000 13 Frankreich
96%
2016 13 Frankreich
96%
1968 3 Italien
96%
2020 13 Italien
96%
1988 8 Niederlande
96%
2000 13 Niederlande
96%
1964 4 Spanien
96%
2008 12 Spanien
96%
2012 12 Spanien
96%
2020 13 Spanien
96%
2024 15 Spanien
96%
2004 10 England
88%
1960 6 Jugoslawien
83%
1964 4 Sowjetunion
71%
1964 4 Ungarn
67%
2004 10 Tschechische Republik
8%
Keine übereinstimmenden Quizze gefunden
Verteilung der Resultate
Anzahl Personen mit jedem Resultat
Perzentil nach korrekt beantworteten Fragen
Ihre Resultats-Entwicklung
Sie haben dieses Quiz seit der letzten Aktualisierung nicht gespielt